000 00647nam a22002172a 4500
001 80290
003 BD-RjUL
005 20220904102527.0
008 220904s1955 nyua 000 0 eng d
035 _a(BD-RjUL)80290
040 _aDLC
_cORL
_dBD-RjUL
_beng
041 _aeng
082 _223
_a950
_bBUF 1955
100 1 _aBuss, Claude Albert.
_94617
245 0 4 _aThe Far East :
_ba history of recent and contemporary international relations in east Asia /
_cClaude Albert Buss
260 _aNew York :
_bMacmillan,
_c1955.
300 _a738 p.
_billus.
_c25 cm.
651 0 _aEast Asia
_xHistory
_94618
942 _2ddc
_cBK
999 _c80290
_d80290